000 00520nam a2200169 a 4500
001 000040797
005 20201002034403.0
008 130906s2002 sp 000 0 spa d
020 _a9788449309168
040 _aDO-SdBNP
_bspa
_cBNPHU
082 _axxxx
_bxxxx
245 0 3 _aEl periodismo en la televisión digital. /
_celena Bandrés, [et.al.].
260 _aMadrid, :
_bPaidós,
_c2002.
300 _a291 p. ;
_c20 cm.
504 _aBibliografía p: 279
500 _aLa biblioteca posee la cuarta reimpresión del 2011
999 _c40287
_d40287